| 000 | 00552nam a2200169 i 4500 | ||
|---|---|---|---|
| 001 | 90959 | ||
| 003 | ES-MaACL | ||
| 005 | 20230906180614.0 | ||
| 007 | t| | ||
| 008 | 050126s1983 sp ||||1| spa d | ||
| 100 | 1 |
_aLemoine, Martina. _971486 |
|
| 245 | 1 | 0 |
_aRetrato de un ilustre madrileño _b: el Doctor Pulido, 1852-1932 / _cMartina Lemoine. |
| 260 |
_aMadrid : _b[s.n.], _c1983. |
||
| 300 |
_a10 p., 2 lám. ; _c24 cm. |
||
| 500 | _aEs separata de: Anales del Instituto de Estudios Madrileños, Tomo XX. | ||
| 852 |
_aES-MaACL _j2130-F-26 _bR.106386 |
||
| 999 |
_c90959 _d90959 |
||